Statistiques concernant Ça s'est passé en Juin

Cliquez ici pour prendre le quiz!

Statistiques générales

  • Ce quiz a été pris 280 fois
  • Le résultat moyen est 12 sur 20

Statistiques - réponses

AnnéeEnoncéRéponse% Correct
-323Mort de ce roi de Macédoine,
premier grand conquérant de l'Histoire
Alexandre le Grand
90%
1830Début de la colonisation de ce pays par la FranceAlgérie
89%
1815Bataille où Napoléon est défait, elle marque la fin
des cent-jours
Bataille de Waterloo
89%
1940Ce maréchal Français, porté au pouvoir demande
l'armistice à L'Allemagne
Maréchal Pétain
87%
1940Pays de l'Axe qui déclare la guerre à la France et au
Royaume-Uni
Italie
83%
1960Cette colonie Belge accède à l'IndépendanceRépublique démocratique du Congo
80%
1905Ce pays obtenant l'indépendance de la SuèdeNorvège
77%
1942Naissance de ce militaire Libyen qui gouvernera son pays de 1969 à 2011Mouammar Kadhafi
72%
1789Serment des députés du Tiers-Etat, par lequel ils
jurent de ne pas se séparer avant l'adoption d'une
constitution.
Serment du jeu de paume
67%
1791Lieu où Louis XVI et sa famille sont arrêtés,
alors qu'ils prenaient la fuite
Varennes
61%
1944Ce pays obtient l'indépendance du DanemarkIslande
58%
1950Début d'une guerre qui déchirera une péninsuleGuerre de Corée
56%
1941Nom donné à l'opération par laquelle l'Allemagne envahit l'URSSOpération Barbarossa
52%
1956Ce dirigeant accède à la présidence de la république en EgypteNasser
48%
1894Premier président Français assassinéSadi Carnot
35%
1977Dernier pays Africain à obtenir l'indépendance de la FranceDjibouti
34%
1936accords par lesquels le gouvernement Blum octroie
les premiers congés payés
Accords de Matignon
27%
1660Louis XIV épouse cette princesse EspagnoleMarie-Thérèse
22%
1494Traité par lequel, Espagne et Portugal se partagent
le "nouveau monde"
Traité de Tordesillas
19%
363Mort de cet empereur Romain à Ctesiphon.
Cet évènement signe l'arrêt de mort du paganisme
Julien
6%

Distribution des résultats

Percentile par nombre de réponses

% des personnes avec chaque résultat

Votre développement - résultats

Vous n’avez pas pris ce quiz